Mitski quiz - Statistics

General Stats
  • This quiz has been taken 65 times
    61 since last reset
  • The average score is 6 of 9
Answer Stats
Question Answer % Correct
Do you love mitski? OFC I LOVE HER😍
95%
Which lyric is for the song "First Love/Late Spring"? And I was so young when I behaved twenty five
91%
What is mitski's surname? Miyawaki
86%
When is mitski's birthday? September 27
73%
Wich one of these song is explicit? Lonesome Love
68%
Where was mitski born? Mie Prefecture, Japan
64%
When was Lush released? January 31, 2012
55%
How old is mitski? 34
45%
Time for a hard one!!! According to Billboard, on which place of "The 50 Best Albums of 2022" Laurel Hell is? 44
23%
No matching quizzes found
Score Distribution
Percent of People with Each Score
Percentile by Number Answered
Your Score History
You have not taken this quiz since the last reset